00878nam a22002297a 45000010005000000030006000050050017000110080041000280200018000690400029000870500017001160820011001331000017001442450017001612600037001783000058002155050007002735200268002805210027005485210018005756500055005937320FISKH20250709133006.0250709b cb ||||| |||| 00| 0 eng d a9788120754706 aFISKHbengcFISKHdFISKH aPE1591 .D424 a428.1  aDegrie, Eve  aOpposites /  aNew Delhi : bSterling, c2010.  a10 unnumbered pages : bcolor illustrations ; c24 cm aC  aFor ages 4-8. Baby Bug's ears are up. Baby Lola's are down. Baby Daffy is neat. Baby Taz is messy. This delightful board book illustrated by Drew Rose stars the whole Baby Looney Tunes gang who act out each pair of opposites. Learning has never been this much fun8 a100 bLexile estimate 8 aC bRaz-Plus  aOppositesvBoard BookxKindergarten yPreschool